[Event "Odorheiu Secuiesc-B"]
[Site "Odorheiu Secuiesc"]
[Date "1993.??.??"]
[Round "8"]
[White "Komliakov, Viktor"]
[Black "Iordachescu, Viorel"]
[Result "1/2-1/2"]
[WhiteElo "2440"]
[BlackElo "2375"]

1.e4 g6 2.d4 Bg7 3.c4 d6 4.Nc3 Nd7 5.Nf3 e5 6.Be2 Ngf6 7.O-O O-O 8.Qc2 h6
9.Rd1 Nh7 10.dxe5 dxe5 11.c5 c6 12.Be3 Qe7 13.b4 Ndf6 14.h3 Nh5 15.Rd6 Nf4
16.Bf1 Ng5 17.Nxg5 hxg5 18.Rad1 g4 19.hxg4 Bxg4 20.f3 Bc8 21.Qd2 Be6 22.Ne2 a5
23.Nxf4 exf4 24.Bxf4 axb4 25.Bg5 Qc7 26.Bd8 Raxd8 27.Rxd8 Qa5 28.Qd6 Bxa2
29.Qe7 Bd5 30.Re8 Qa4 31.Be2 Be6 32.Rxf8+ Bxf8 33.Rd8 Qa1+ 34.Kf2 Qg7 35.f4 b3
36.Bd3 Qd4+ 37.Ke2 Bg4+ 38.Kd2 Qb2+ 39.Ke3 Qc1+ 40.Kd4 Qa1+ 41.Ke3 Qc1+ 42.Kd4  1/2-1/2

[Event "Odorheiu Secuiesc op"]
[Site "Odorheiu Secuiesc"]
[Date "1993.??.??"]
[Round "9"]
[White "Musat, Adrian"]
[Black "Milu, Romeo Sorin"]
[Result "1/2-1/2"]
[WhiteElo "2275"]
[BlackElo "2410"]

1.Nf3 Nf6 2.c4 g6 3.Nc3 Bg7 4.e4 d6 5.d4 O-O 6.Be2 e5 7.Be3 Nc6 8.d5 Ne7
9.Nd2 Ne8 10.c5 f5 11.f3 fxe4 12.fxe4 Kh8 13.Nc4 Ng8 14.cxd6 cxd6 15.Qd2 Bd7
16.a4 b6 17.b4 Rc8 18.b5 Bg4 19.Bd3 Rc7 20.h3 Bc8 21.O-O-O Bb7 22.Kb2 Qc8
23.Kb3 Ngf6 24.Na3  1/2-1/2

[Event "Odorheiu Secuiesc-B"]
[Site "Odorheiu Secuiesc"]
[Date "1993.??.??"]
[Round "10"]
[White "Zimmerman, Yuri"]
[Black "Iordachescu, Viorel"]
[Result "0-1"]
[WhiteElo "2360"]
[BlackElo "2375"]

1.d4 Nf6 2.c4 d6 3.Nc3 Nbd7 4.e4 e5 5.Nf3 g6 6.Be2 Bg7 7.O-O O-O 8.d5 Nh5
9.g3 Bf6 10.Bh6 Ng7 11.Qd2 Be7 12.Ne1 Nf6 13.f3 Kh8 14.Ng2 Ng8 15.Be3 f5
16.f4 exf4 17.Bxf4 fxe4 18.Nxe4 Nf6 19.Bd3 Nxe4 20.Bxe4 Bf6 21.Rae1 Bh3 22.Bh6 Qd7
23.Rf4 Bxg2 24.Bxg2 Be5 25.Rxf8+ Rxf8 26.Rf1 Rxf1+ 27.Bxf1 Qg4 28.Bf4 Bxf4
29.Qxf4 Qxf4 30.gxf4 Nh5 31.Kf2 Nxf4 32.Ke3 Nh5 33.Be2 Nf6 34.Kd4 Kg7 35.b4 Ng8
36.c5 Ne7 37.a4 Kf6 38.a5 Kf5 39.a6 b6 40.cxb6 cxb6 41.Bb5 Kf4 42.Bd7 g5  0-1

[Event "Odorheiu Secuiesc-B"]
[Site "Odorheiu Secuiesc"]
[Date "1993.??.??"]
[Round "11"]
[White "Glodeanu, Ion"]
[Black "Potterat, Marc"]
[Result "1/2-1/2"]
[WhiteElo "2360"]
[BlackElo "2185"]

1.Nf3 Nf6 2.c4 g6 3.Nc3 Bg7 4.e4 d6 5.d4 O-O 6.Be2 e5 7.dxe5 dxe5 8.Qxd8 Rxd8
9.Bg5 c6 10.Nxe5 Re8 11.O-O-O Na6 12.Nf3 Bg4 13.e5 Nd7 14.h3 Bxf3 15.Bxf3 Nxe5
16.Be2 h6 17.Be3 f5 18.g4 fxg4 19.hxg4 g5 20.a3 b6 21.Kc2 Nc7 22.Ne4 Nxg4
23.Bxg4 Rxe4 24.Bf3 Re6 25.Rd7 Rf8 26.Rxc7 Rxf3 27.Rxa7 g4 28.Bxb6 Re2+ 29.Kd1 Rxb2
30.Rxg7+ Kxg7 31.Bd4+ Kg6 32.Bxb2 Rxf2 33.Bc1 h5 34.Bd2 g3 35.Be1 Ra2 36.Rh3 g2
37.Rg3+ Kf5 38.Bd2 Ra1+ 39.Bc1 Ra2 40.Bd2 Ra1+ 41.Bc1  1/2-1/2

[Event "Ontario op"]
[Site "Ontario"]
[Date "1993.??.??"]
[Round "5"]
[White "Palacios, Bobby"]
[Black "Southam, David"]
[Result "0-1"]
[WhiteElo "2240"]
[BlackElo "2215"]

1.d4 Nf6 2.c4 g6 3.Nc3 Bg7 4.e4 d6 5.Nf3 O-O 6.Be2 e5 7.O-O exd4 8.Nxd4 Re8
9.f3 c6 10.Nc2 Na6 11.Kh1 Be6 12.Be3 Nh5 13.g4 Nf6 14.Qd2 h5 15.g5 Nh7 16.f4 Bh3
17.Rg1 Bxc3 18.Qxc3 Rxe4 19.Bd3 Bf5 20.Rae1 c5 21.Rgf1 Qd7 22.Bc1 Rxe1 23.Rxe1 Bxd3
24.Qxd3 Re8 25.Rxe8+ Qxe8 26.a3 Qe6 27.Ne3 Nc7 28.b3 Kf8 29.Bb2 Ke7 30.Kg2 Kd7
31.Bc3 Nf8 32.b4 Kc8 33.f5 gxf5 34.Nxf5 d5 35.bxc5 Ng6 36.Nd6+ Qxd6 37.cxd6 Nf4+
38.Kf3 Nxd3 39.dxc7 dxc4 40.Ke4 Kxc7 41.Kf5 Kd7 42.g6 fxg6+ 43.Kxg6 Nf4+
44.Kg5 Ne2 45.Bd2 Ke6 46.h4 c3 47.Be3 c2 48.Kxh5 Kf7 49.Kg5 c1=Q 50.Bxc1 Nxc1
51.Kf5 Nb3 52.Ke5 b5 53.Kd5 a5 54.h5 Kg7 55.Ke4 Kh6 56.Kd3 Kxh5 57.Kc3 Nc5
58.Kd4 Na6  0-1

[Event "Ostend op"]
[Site "Ostend"]
[Date "1993.??.??"]
[Round "2"]
[White "Lacrosse, Marc"]
[Black "Roeder, Mathias"]
[Result "1-0"]
[WhiteElo "2230"]
[BlackElo "2425"]

1.d4 Nf6 2.c4 g6 3.Nc3 Bg7 4.e4 d6 5.Nf3 O-O 6.Be2 e5 7.dxe5 dxe5 8.Qxd8 Rxd8
9.Bg5 c6 10.Nxe5 Re8 11.O-O-O Na6 12.Nf3 h6 13.Bxf6 Bxf6 14.Nd4 Nc5 15.f3 a5
16.Rhe1 a4 17.Bf1 a3 18.b3 Be5 19.g3 Rd8 20.Nce2 Bg7 21.Rd2 f5 22.exf5 Bxf5
23.Nxf5 Nxb3+ 24.axb3 a2 25.Rxd8+ Rxd8 26.Kc2 Ra8 27.Nxg7 a1=Q 28.Rxa1 Rxa1
29.Nc1 Kxg7 30.c5 Ra5 31.Nd3 Ra2+ 32.Nb2 Ra1 33.Bh3 Rh1 34.Bc8 Rxh2+ 35.Kc3 Rf2
36.Bxb7 Rxf3+ 37.Nd3 Rxg3 38.Bxc6 Kf6 39.b4 Ke7 40.b5 Kd8 41.b6 h5 42.Bd5 h4
43.c6 Re3 44.Kd4 Re7 45.Kc5  1-0

[Event "Ostend op"]
[Site "Ostend"]
[Date "1993.??.??"]
[Round "6"]
[White "Lacrosse, Marc"]
[Black "Vandenbon, N."]
[Result "1-0"]
[WhiteElo "2230"]
[BlackElo "2065"]

1.d4 Nf6 2.c4 g6 3.Nc3 Bg7 4.e4 d6 5.Nf3 O-O 6.Be2 Nbd7 7.O-O e5 8.Re1 exd4
9.Nxd4 Nc5 10.f3 a5 11.Be3 Nfd7 12.b3 Ne5 13.Qd2 Be6 14.Rac1 Qd7 15.Red1 Rfe8
16.Nd5 Nc6 17.Nb5 Na6 18.c5 Bxd5 19.Qxd5 Re5 20.Qd2 d5 21.Bf4 Rae8 22.Bxe5 Rxe5
23.exd5 Ncb4 24.d6 c6 25.a3 Nd5 26.Nd4 Ne3 27.Bxa6 bxa6 28.Nxc6 Nxd1 29.Nxe5 Bxe5
30.Qxd1  1-0

[Event "Oviedo rapid"]
[Site "Oviedo"]
[Date "1993.??.??"]
[Round "5"]
[White "Illescas Cordoba, Miguel"]
[Black "Malisauskas, Vidmantas"]
[Result "1-0"]
[WhiteElo "2625"]
[BlackElo "2540"]

1.Nf3 Nf6 2.c4 g6 3.Nc3 Bg7 4.e4 d6 5.d4 O-O 6.Be2 e5 7.d5 a5 8.Bg5 h6 9.Bh4 Na6
10.O-O Qe8 11.Nd2 Bd7 12.Bxf6 Bxf6 13.Bg4 Bg5 14.Bxd7 Qxd7 15.Nf3 Nc5 16.b3 f5
17.Nxg5 hxg5 18.f3 Qh7 19.a3 fxe4 20.Nxe4 Nxe4 21.fxe4 Rxf1+ 22.Qxf1 Rf8
23.Qe1 b6 24.b4 Ra8 25.c5 axb4 26.cxb6 cxb6 27.Qxb4 Qc7 28.Rb1 Qc5+ 29.Qxc5 bxc5
30.Rb6 Rxa3 31.Rxd6 Kf7 32.Kf2 Ra4 33.Ke3 Ra3+ 34.Ke2 Ra2+ 35.Kd3 Rxg2 36.Re6 Rxh2
37.Rxe5 Rh5 38.d6 g4 39.Re7+ Kf8 40.Re6 Kf7 41.Re7+ Kf8 42.Ke3 g3 43.Kf3 Rg5
44.Re6 Kf7 45.d7 g2 46.d8=Q Rg3+ 47.Ke2 Kxe6 48.Qd5+  1-0

[Event "Oviedo rapid"]
[Site "Oviedo"]
[Date "1993.??.??"]
[Round "7"]
[White "Ivkov, Borislav"]
[Black "Roa Alonso, Santiago"]
[Result "1/2-1/2"]
[WhiteElo "2505"]
[BlackElo "2320"]

1.Nf3 Nf6 2.c4 g6 3.Nc3 Bg7 4.e4 d6 5.d4 O-O 6.Be2 e5 7.d5 a5 8.Bg5 Na6 9.Nd2 Nc5
10.b3 Bd7 11.a3 Qe8 12.Qc2 Nh5 13.g3 f5 14.f3 Nf6 15.Be3 fxe4 16.Ndxe4 Nfxe4
17.Nxe4 Nxe4 18.fxe4 Qe7 19.Kd2 Bh3 20.Rhg1 Bf6 21.Qd3 Bg5 22.Bxg5 Qxg5+
23.Qe3 Qxe3+ 24.Kxe3 Bd7 25.b4 axb4 26.axb4 b6 27.Rgc1 Rfb8 28.Rxa8 Rxa8
29.c5 Ra3+ 30.Kf2 bxc5 31.bxc5 Ra2 32.Ke1 Bh3 33.Rb1 dxc5 34.Rb7 Ra1+ 35.Kd2 Ra2+
36.Ke3 Ra3+ 37.Kd2 Ra2+  1/2-1/2

[Event "Oviedo rapid"]
[Site "Oviedo"]
[Date "1993.??.??"]
[Round "10"]
[White "Nedobora, Mikhail"]
[Black "Rodriguez, Ruben"]
[Result "1/2-1/2"]
[WhiteElo "2440"]
[BlackElo "2435"]

1.d4 Nf6 2.c4 g6 3.Nc3 Bg7 4.e4 d6 5.Be2 O-O 6.Nf3 e5 7.d5 a5 8.Bg5 h6 9.Bh4 Na6
10.O-O Qe8 11.Nd2 Nh7 12.a3 Bd7 13.Nb5 f5 14.f3 f4 15.Bf2 h5 16.b4 g5 17.Nb3 axb4
18.axb4 Kh8 19.Rxa6 Rxa6 20.Nxc7 Qg6 21.Nxa6 bxa6 22.c5 g4 23.Bh4 Rg8 24.cxd6 g3
25.h3 Bf6 26.Bxf6+ Qxf6 27.Nc5 Qh4 28.Nxd7 Ng5 29.Qa1 Nxh3+ 30.gxh3 Qxh3
31.Qxe5+ Rg7 32.Qe8+ Rg8 33.Qe5+ Rg7  1/2-1/2

[Event "Oviedo rapid"]
[Site "Oviedo"]
[Date "1993.??.??"]
[Round "11"]
[White "Etchegaray, Patrice"]
[Black "Mestel, A Jonathan"]
[Result "1/2-1/2"]
[WhiteElo "2410"]
[BlackElo "2520"]

1.d4 Nf6 2.c4 g6 3.Nc3 Bg7 4.e4 d6 5.Be2 O-O 6.Nf3 e5 7.O-O Na6 8.Be3 c6
9.h3 Qe7 10.Re1 exd4 11.Bxd4 Nc5 12.Bd3 Ne6 13.Nd5 Qd8 14.Nxf6+ Bxf6 15.Bxf6 Qxf6
16.e5 dxe5 17.Nxe5 Rd8 18.Qc1 Nc5 19.Bf1 Bf5 20.Qe3 Nd7 21.f4 Nxe5 22.fxe5 Qe7
23.Rad1 c5 24.Rd5 b6 25.Red1 Be6 26.Rd6 Rd7 27.a3 Re8 28.Qd2 Rc7 29.Qf4 Bc8
30.Re1 Rd7 31.Red1 Rc7  1/2-1/2

[Event "Oviedo rapid"]
[Site "Oviedo"]
[Date "1993.??.??"]
[Round "12"]
[White "Corral Blanco, Juan A"]
[Black "Hernandez, Amelia"]
[Result "1-0"]
[WhiteElo "2395"]
[BlackElo "2210"]

1.d4 Nf6 2.c4 g6 3.Nc3 Bg7 4.e4 d6 5.Nf3 O-O 6.Be2 Na6 7.O-O e5 8.Re1 exd4
9.Nxd4 Nc5 10.f3 Nh5 11.g3 f5 12.exf5 gxf5 13.f4 Nf6 14.Be3 Re8 15.Bf3 Nfe4
16.Rc1 c6 17.Kg2 Qf6 18.Bg1 Bd7 19.Re2 Re7 20.b4 Nxc3 21.Rxc3 Ne4 22.Rd3 Rae8
23.Qc2 a6 24.Nb3 Qg6 25.Bd4 h5 26.Kf1 Kh7 27.Rg2 Qh6 28.Bxg7 Rxg7 29.Qd1 h4
30.Bxe4 hxg3 31.Rxd6 Qxf4+ 32.Bf3 Qxc4+ 33.Kg1 Qxb4 34.Rdd2 f4  1-0

[Event "WchT U26"]
[Site "Paranana"]
[Date "1993.??.??"]
[Round "?"]
[White "Santos, Carlos P"]
[Black "Agamaliev, Djamil"]
[Result "0-1"]
[WhiteElo "2305"]
[BlackElo "2360"]

1.d4 Nf6 2.c4 g6 3.Nc3 Bg7 4.e4 d6 5.Be2 O-O 6.Nf3 e5 7.d5 a5 8.Bg5 h6 9.Bh4 Na6
10.Nd2 Qe8 11.O-O Nh7 12.a3 Bd7 13.b3 h5 14.f3 Bh6 15.Kh1 Nc5 16.Rb1 f5 17.exf5 Bxf5
18.Nde4 Be3 19.Bd3 Nxd3 20.Qxd3 Bh6 21.Qe2 b6 22.Ra1 g5 23.Bf2 Qg6 24.b4 g4
25.c5 axb4 26.axb4 gxf3 27.gxf3 Bh3 28.Bh4 Bxf1 29.Rxf1 Bg7 30.Nb5 Qf7 31.cxd6 cxd6
32.Qd3 Qd7 33.Nexd6 Qh3 34.Bg3 Ra2 35.Rg1 Ng5  0-1

[Event "WchT U26"]
[Site "Paranana"]
[Date "1993.??.??"]
[Round "?"]
[White "Leitao, Rafael"]
[Black "Martin del Campo, Roberto"]
[Result "0-1"]
[WhiteElo "2295"]
[BlackElo "2420"]

1.d4 d6 2.c4 Nd7 3.e4 e5 4.Nf3 Ngf6 5.Nc3 g6 6.Be2 Bg7 7.O-O O-O 8.Qc2 Nh5
9.Rd1 Nf4 10.Bf1 c5 11.d5 h6 12.g3 Nh5 13.Be2 Ndf6 14.Ne1 Nh7 15.Ng2 N5f6
16.Rb1 a5 17.a3 a4 18.f3 Bd7 19.b3 axb3 20.Rxb3 Bc8 21.Be3 Ne8 22.Qd2 h5
23.Rf1 Qe7 24.Kh1 Bf6 25.Bd3 Ng7 26.f4 exf4 27.gxf4 Re8 28.e5 dxe5 29.Ne4 exf4
30.Bxc5 Qe5 31.Bd6 Qd4 32.Bc5 Qe5 33.Bd6 Qd4 34.Nxf6+ Nxf6 35.Qxf4 Qxf4 36.Bxf4 Nf5
37.Bxf5 Bxf5 38.Rxb7 Rxa3 39.Bc1 Ra1 40.Kg1 Bd3 41.Rxf6  0-1

[Event "WchT U26"]
[Site "Paranana"]
[Date "1993.??.??"]
[Round "?"]
[White "Rocha, Sergio"]
[Black "Martin del Campo, Roberto"]
[Result "1/2-1/2"]
[WhiteElo "2310"]
[BlackElo "2420"]

1.d4 Nf6 2.c4 g6 3.Nc3 Bg7 4.e4 d6 5.Be2 O-O 6.Nf3 e5 7.dxe5 dxe5 8.Qxd8 Rxd8
9.Bg5 Re8 10.h3 c6 11.O-O-O Na6 12.Rd6 Nd7 13.Rhd1 Ndc5 14.Rd8 Be6 15.Rxa8 Rxa8
16.Rd8+ Rxd8 17.Bxd8  1/2-1/2

[Event "WchT U26"]
[Site "Paranana"]
[Date "1993.??.??"]
[Round "?"]
[White "Fernandez, R."]
[Black "Apicella, Manuel"]
[Result "1/2-1/2"]
[WhiteElo "2355"]
[BlackElo "2475"]

1.d4 Nf6 2.c4 g6 3.Nc3 Bg7 4.e4 d6 5.Nf3 O-O 6.Be2 e5 7.Be3 Ng4 8.Bg5 f6
9.Bc1 Nc6 10.h3 Nh6 11.dxe5 dxe5 12.Qxd8 Nxd8 13.Be3 Ne6 14.Rd1 b6 15.c5 Nf7
16.Bc4 Bh6 17.Bxh6 Nxh6 18.Nb5 Rf7 19.Bd5 c6 20.Bxc6 Bb7 21.Bxb7 Rxb7 22.c6 Re7
23.O-O Nf7 24.Rc1 Rc8 25.Rfd1 Kg7 26.Nd6 Nxd6 27.Rxd6 Nc5 28.Rc4 a5 29.b4 axb4
30.Rxb4 Rec7 31.Rxb6 Nxe4 32.Rd7+ Rxd7 33.cxd7 Rd8 34.Rb7 Kf7 35.Ra7 Ke6
36.Ne1 Nc5 37.f3 h5 38.Kf2 h4 39.Ke3 Nxd7 40.Nd3 Re8  1/2-1/2

[Event "WchT U26"]
[Site "Paranana"]
[Date "1993.??.??"]
[Round "?"]
[White "Baumegger, Siegfried"]
[Black "Sammalvuo, Tapani"]
[Result "0-1"]
[WhiteElo "2260"]
[BlackElo "2270"]

1.d4 Nf6 2.c4 g6 3.Nc3 Bg7 4.e4 d6 5.Nf3 O-O 6.Be2 e5 7.O-O exd4 8.Nxd4 Re8
9.f3 Nh5 10.f4 c5 11.Nc2 Nf6 12.Bf3 Nc6 13.Be3 Be6 14.b3 Nxe4 15.Nxe4 Bf5
16.Qd5 Bxa1 17.g4 Bxe4 18.Bxe4 Qe7 19.f5 Qxe4 20.fxg6 Qxg6  0-1

[Event "WchT U26"]
[Site "Paranana"]
[Date "1993.??.??"]
[Round "?"]
[White "Toth, Christian Endre"]
[Black "Manninen, Marko"]
[Result "1/2-1/2"]
[WhiteElo "2410"]
[BlackElo "2355"]

1.d4 Nf6 2.Nf3 g6 3.c4 Bg7 4.Nc3 O-O 5.e4 d6 6.Be2 e5 7.O-O Na6 8.Be3 Ng4
9.Bg5 Qe8 10.dxe5 dxe5 11.Nd2 h6 12.Bh4 Nf6 13.a3 Nc5 14.Nd5 Qd8 15.f4 g5
16.fxg5 Nxd5 17.cxd5 hxg5 18.Bf2 Nd7 19.Rc1 c6 20.dxc6 bxc6 21.Nc4 Qe7 22.Qd6 Bf6
23.Qxc6 Rb8 24.Nd6 Nb6 25.Bxb6 Bd7 26.Nf5 Bxc6 27.Nxe7+ Bxe7 28.Rxc6 Rxb6
29.Rxb6 Bc5+ 30.Kh1 Bxb6 31.Bc4 Kg7 32.Bd5 f6 33.Rf3 Bd4 34.b3 Rc8 35.Bc4 Bc5
36.Rd3 Rc7 37.a4 Bd4 38.g3 Kg6 39.Rf3 Bc5 40.Kg2 Rd7 41.Bd5 Bd4 42.Rf1 Rc7
43.Bc4 a5 44.Rd1 g4 45.h3 gxh3+ 46.Kxh3 f5 47.Re1 fxe4 48.Rxe4 Kf5 49.Bd3 Ke6
50.Bc4+ Kf5 51.Rh4 Be3 52.Kg2 Bg5 53.Bd3+ Kf6 54.Rc4 Rd7 55.Rc6+ Ke7 56.Be4 Bd2
57.Kf3 Rd6 58.Rc5 Kf6 59.Bd5 Bb4 60.Rb5 Kf5 61.g4+ Kg5 62.Ke4 Kxg4 63.Kxe5 Ra6
64.Rxb4+ axb4 65.Bc4 Ra8 66.Kd6 Kf4 67.Kc6 Ke5 68.Kb7 Ra5 69.Kb6 Ra8 70.Kb7 Ra5  1/2-1/2

[Event "Pardubice op"]
[Site "Pardubice"]
[Date "1993.??.??"]
[Round "2"]
[White "Hybl, Jaroslav"]
[Black "Hausner, Ivan"]
[Result "0-1"]
[WhiteElo "2300"]
[BlackElo "2465"]

1.d4 Nf6 2.c4 g6 3.Nc3 Bg7 4.e4 d6 5.Nf3 O-O 6.Be2 e5 7.O-O exd4 8.Nxd4 Re8
9.f3 c6 10.Kh1 Nbd7 11.Bf4 Nh5 12.Be3 Qh4 13.Qe1 Qe7 14.g4 Nhf6 15.Qd2 h5
16.g5 Nh7 17.Rg1 a5 18.Rad1 Nc5 19.Nb3 Bxc3 20.Qxc3 Nxe4 21.Qc1 Nexg5 22.Bxg5 Nxg5
23.Rde1 Nh3 24.Bd3 Be6 25.Rg2 Qf6  0-1

[Event "Pardubice op"]
[Site "Pardubice"]
[Date "1993.??.??"]
[Round "8"]
[White "Lugovoi, Aleksei"]
[Black "Neverov, Valeriy"]
[Result "0-1"]
[WhiteElo "2390"]
[BlackElo "2535"]

1.d4 Nf6 2.c4 g6 3.Nc3 Bg7 4.e4 d6 5.Be2 O-O 6.Nf3 e5 7.d5 Na6 8.Bg5 h6 9.Bh4 g5
10.Bg3 Nh5 11.Nd2 Nf4 12.O-O c6 13.a3 f5 14.exf5 Bxf5 15.Nde4 cxd5 16.cxd5 Nc7
17.Bg4 Bg6 18.Re1 Kh8 19.Rc1 a5 20.Bxf4 exf4 21.Na4 Ra6 22.Qd3 Re8 23.Nac3 Re5
24.Qf3 Qe8 25.h4 h5 26.Be6 Nxe6 27.dxe6 Qxe6 28.Re2 gxh4 29.Qxf4 Qg4 30.Qxg4 hxg4
31.Rd1 Rc6 32.f3 g3 33.Red2 Bxe4 34.Nxe4 d5 35.Nc3 d4 36.Ne4 Bh6 37.Re2 Be3+
38.Kf1 Rb5 39.a4 Rb4 40.Ra1 Rbc4 41.b3 Rc1+ 42.Rxc1 Rxc1+ 43.Re1 Rc6 44.Rb1 Rc2  0-1

[Event "Paris-ch"]
[Site "Paris"]
[Date "1993.??.??"]
[Round "2"]
[White "Salgado Allaria, Carlos"]
[Black "Mitkov, Marjan"]
[Result "1/2-1/2"]
[WhiteElo "2205"]
[BlackElo "2325"]

1.d4 Nf6 2.c4 g6 3.Nc3 Bg7 4.e4 d6 5.Nf3 O-O 6.Be2 e5 7.dxe5 dxe5 8.Qxd8 Rxd8
9.Bg5 Na6 10.Nd5 Rd6 11.Nxf6+ Bxf6 12.Bxf6 Rxf6 13.Nxe5 Re6 14.f4 Kg7 15.Bf3 Nc5
16.O-O-O f6 17.Nd3 Nxe4 18.Rhe1 Nd6 19.Nc5 Rxe1 20.Rxe1 Kf8 21.Ne4 Nxe4 22.Bxe4 c6
23.c5 Kf7 24.Rd1 Be6 25.a3 a5 26.Rd4 a4 27.Rb4 Bc8 28.Bc2 Ra5 29.Rxa4 Rxc5
30.Kd2 Ke7 31.Rd4 Be6 32.b4 Rh5 33.h3 c5 34.bxc5 Rxc5 35.Be4 Ra5 36.Rb4 b5
37.Bc6 Bc4 38.a4 Rxa4 39.Rxa4 bxa4 40.Bxa4 Bd5  1/2-1/2

[Event "Paris-ch"]
[Site "Paris"]
[Date "1993.??.??"]
[Round "3"]
[White "Bernard, Christophe"]
[Black "Ragozin, Evgeni"]
[Result "1/2-1/2"]
[WhiteElo "2365"]
[BlackElo "2510"]

1.d4 Nf6 2.Nf3 g6 3.c4 Bg7 4.Nc3 O-O 5.e4 d6 6.Be2 e5 7.O-O Na6 8.Be3 Ng4
9.Bg5 Qe8 10.h3 h6 11.Bc1 exd4 12.Nxd4 Nf6 13.Bf3 Nh7 14.Re1 Ng5 15.Bg4 Bxg4
16.hxg4 Qd7 17.f3 Rae8 18.Be3 c6 19.Qd2 Qe7 20.Rad1 Rd8 21.Nde2 b6 22.Nd4 Rc8
23.Nce2 Nc5 24.b4 Nd7 25.Nf4 Bxd4 26.Bxd4 Ne5 27.Qe2 Rfd8 28.Be3 Ne6 29.Nxe6 Qxe6
30.c5 dxc5 31.bxc5 bxc5 32.Bxc5  1/2-1/2

[Event "Paris-ch"]
[Site "Paris"]
[Date "1993.??.??"]
[Round "3"]
[White "Mitkov, Nikola"]
[Black "Ciampi, Vincenzo"]
[Result "1-0"]
[WhiteElo "2505"]
[BlackElo "2260"]

1.d4 Nf6 2.c4 g6 3.Nc3 Bg7 4.Nf3 d6 5.e4 O-O 6.Be2 e5 7.O-O exd4 8.Nxd4 Re8
9.f3 c6 10.Kh1 Nbd7 11.Nc2 Qe7 12.Bg5 Nc5 13.Qd2 Qf8 14.Rad1 Ne6 15.Bh4 Rd8
16.f4 Nc5 17.e5 Nfe4 18.Nxe4 Nxe4 19.Qe3 Re8 20.Qxe4 Bf5 21.Qf3 Bxc2 22.Rxd6 f6
23.Bxf6 Be4 24.Qc3 Bxf6 25.Rxf6 Qe7 26.c5 Kg7 27.Rd6 Rad8 28.Bc4 Qh4 29.Qd4 Rxd6
30.cxd6 Bf5 31.Qxa7 Be4 32.Qd4 Bf5 33.Rd1 c5 34.Qxc5 Qxf4 35.d7 Rd8 36.Qe7+ Kh6
37.Qxd8  1-0

[Event "Paris-ch"]
[Site "Paris"]
[Date "1993.??.??"]
[Round "4"]
[White "Naumkin, Igor"]
[Black "Nataf, Igor Alexandre"]
[Result "1-0"]
[WhiteElo "2460"]
[BlackElo "2090"]

1.d4 Nf6 2.c4 g6 3.Nc3 Bg7 4.e4 O-O 5.Nf3 d6 6.Be2 e5 7.d5 a5 8.Bg5 h6 9.Bh4 Na6
10.Nd2 Qe8 11.O-O Nh7 12.a3 Bd7 13.b3 f5 14.exf5 Bxf5 15.g4 e4 16.Rc1 e3
17.gxf5 exd2 18.Qxd2 Nc5 19.Qd1 Rxf5 20.b4 axb4 21.axb4 Rf4 22.Bg3 Rd4 23.Qc2 Na6
24.Rb1 Ng5 25.Kg2 c5 26.dxc6 Qxc6+ 27.f3 Nc7 28.Qxg6 Rf8 29.h4 Nge6 30.Nd5 Qd7
31.Nxc7 Nxc7 32.Rbd1 Ne6 33.Rxd4 Nxd4 34.Bd3 Rf6 35.Qh7+ Kf8 36.Ra1 Qc8 37.Be4 Nc6
38.Rd1 Ne5 39.Bxe5 dxe5 40.Bd5 Rf7 41.Bxf7 Kxf7 42.c5 Qe6 43.Qd3  1-0

[Event "Paris-ch"]
[Site "Paris"]
[Date "1993.??.??"]
[Round "5"]
[White "Shabtai, Ran"]
[Black "Petit, Eric"]
[Result "1-0"]
[WhiteElo "2370"]
[BlackElo "2255"]

1.d4 Nf6 2.c4 g6 3.Nc3 Bg7 4.e4 d6 5.Nf3 O-O 6.Be2 Nbd7 7.O-O e5 8.Qc2 c6
9.d5 c5 10.g3 Ne8 11.Nh4 Qe7 12.a3 Bf6 13.Ng2 Bg5 14.Ne3 Ng7 15.Bd3 Nf6 16.Nf5 Nxf5
17.Bxg5 Nd4 18.Qd1 Bh3 19.f4 Bxf1 20.Qxf1 Kg7 21.Kh1 h6 22.Bh4 exf4 23.gxf4 Qc7
24.Qg2 Nh5 25.Rf1 f5 26.Ne2 Nxe2 27.Bxe2 Kh7 28.Bxh5 gxh5 29.Qc2 Rae8 30.exf5 Qf7
31.f6+ Qg6 32.Qxg6+ Kxg6 33.Rg1+ Kf5 34.Rg7 Kxf4 35.Rxb7 Kg4 36.f7 Re3 37.Bg3 Kf3
38.Kg1 Rd3 39.Kf1 Rd1+ 40.Be1 h4 41.Rb3+ Ke4 42.Ke2 Rc1 43.Rb7 Rh8 44.Re7+  1-0

[Event "Apsap op"]
[Site "Paris"]
[Date "1993.??.??"]
[Round "5"]
[White "Lacrosse, Marc"]
[Black "Strowsky, Yannick"]
[Result "1-0"]
[WhiteElo "2250"]
[BlackElo "2160"]

1.d4 Nf6 2.c4 g6 3.Nc3 Bg7 4.e4 d6 5.Nf3 O-O 6.Be2 e5 7.dxe5 dxe5 8.Qxd8 Rxd8
9.Bg5 Re8 10.Nd5 Nxd5 11.cxd5 c6 12.Bc4 cxd5 13.Bxd5 Na6 14.O-O-O Nc7 15.Bb3 Ne6
16.Be3 h6 17.Kb1 Nf4 18.Ba4 Bg4 19.Bxf4 Bxf3 20.gxf3 exf4 21.Bxe8 Rxe8 22.Rd7 g5
23.Rhd1 Rb8 24.Rd8+ Rxd8 25.Rxd8+ Kh7 26.Rd7 Kg6 27.Kc2 Kh5 28.Rxf7 Bd4 29.Kd3 Bxf2
30.Ke2 Bd4 31.Kf1 Bxb2 32.Rxb7 Bd4 33.Rd7 Bc5 34.Rg7 Bd4 35.e5 Bxe5 36.Rxa7 Bb2
37.a4 Kh4 38.Kg2 g4 39.a5 h5 40.Rd7  1-0

[Event "Paris-ch"]
[Site "Paris"]
[Date "1993.??.??"]
[Round "7"]
[White "Bernard, Christophe"]
[Black "Gollain, Marc"]
[Result "1-0"]
[WhiteElo "2365"]
[BlackElo "2285"]

1.d4 Nf6 2.Nf3 g6 3.c4 Bg7 4.Nc3 O-O 5.e4 d6 6.Be2 Nbd7 7.O-O e5 8.Re1 c6
9.Bf1 Qb6 10.h3 exd4 11.Nxd4 Ng4 12.hxg4 Bxd4 13.Be3 Bxe3 14.Rxe3 Ne5 15.Be2 Be6
16.b3 Rad8 17.g5 a6 18.Qd2 f6 19.gxf6 Rxf6 20.Rd1 Qa7 21.Na4 b5 22.Nb2 Bc8
23.cxb5 axb5 24.Nd3 Rdf8 25.Rf1 Qd4 26.Qb4 Qa7 27.Nxe5 dxe5 28.Qc3 Qb8 29.Rd3 Qa7
30.Rf3 Qe7 31.Rxf6 Qxf6 32.a4 Bd7 33.f3 Ra8 34.Rd1 Be8 35.axb5 cxb5 36.Qc5 Rb8
37.Rd6 Qg5 38.b4 h5 39.Re6 Bf7 40.Qxe5 Qe3+ 41.Kf1 Rb7 42.Rc6  1-0

[Event "Paris-ch"]
[Site "Paris"]
[Date "1993.??.??"]
[Round "7"]
[White "Mohebbi, Jafar"]
[Black "Ledger, Andrew"]
[Result "0-1"]
[WhiteElo "2300"]
[BlackElo "2330"]

1.d4 Nf6 2.c4 g6 3.Nc3 Bg7 4.e4 d6 5.Nf3 O-O 6.Be2 e5 7.dxe5 dxe5 8.Qxd8 Rxd8
9.Bg5 c6 10.Nxe5 Re8 11.O-O-O Na6 12.f4 h6 13.Bh4 g5 14.Bg3 Nc5 15.Rhe1 Ncxe4
16.Nxe4 Nxe4 17.Bh5 Bxe5 18.fxe5 Nxg3 19.hxg3 Be6 20.b3 Re7 21.Bf3 Rae8 22.Rd6 Kg7
23.Rh1 Bf5 24.Rdxh6 Rxe5 25.g4 Bg6 26.R6h3 Rd8 27.Rd1 Rxd1+ 28.Kxd1 Re3 29.Be2 Rxh3
30.gxh3 Be4 31.Bf1 c5 32.a3 a5 33.Kd2 Kf6 34.Ke3 Ke5 35.Be2 Bc2 36.Bf3 b6
37.Bd5 f6 38.Bf3 Bxb3 39.Be2 Ba4 40.Bf3 Bd7 41.Be2 Be8 42.Bd3 Bf7 43.Be2 Bg6
44.Bf3 Bb1 45.Bc6 f5 46.gxf5 Bxf5 47.Bg2 Bd7 48.Bf1 Be6 49.Kd3 Kf4 50.Bg2 Kg3
51.Bd5 Bxh3 52.Ke4 Bf1 53.a4 g4 54.Ke5 Kf2 55.Kd6 g3 56.Kc7 Bxc4  0-1

[Event "RUS-sf"]
[Site "Perm"]
[Date "1993.??.??"]
[Round "?"]
[White "Pozin, Sergey"]
[Black "Kalegin, Evgenij"]
[Result "0-1"]
[WhiteElo "2340"]
[BlackElo "2355"]

1.d4 Nf6 2.Nf3 g6 3.c4 Bg7 4.Nc3 O-O 5.e4 d6 6.Be2 e5 7.d5 a5 8.Bg5 h6 9.Bh4 Na6
10.O-O Bd7 11.b3 Qe8 12.Ne1 Nc5 13.f3 Nh5 14.Nb5 Rc8 15.Nd3 Nxd3 16.Bxd3 Nf4
17.Be1 b6 18.b4 axb4 19.Bxb4 f5 20.a4 Qe7 21.Rf2 Qg5 22.Rfa2 Rf7 23.Nc3 h5
24.Bf1 h4 25.Qe1 Bh6 26.a5 bxa5 27.Rxa5 Nxg2 28.Bxg2 h3 29.R5a2 Qe3+ 30.Qxe3 Bxe3+
31.Kh1 hxg2+ 32.Kxg2 Rff8 33.Nd1 Bd4 34.Bc3 Bc5 35.Nf2 Rb8 36.Nd3 Be3 37.Re1 Rb3
38.Rc2 f4 39.c5 Bb5 40.Nc1 Rb1 41.Ba5 Bxc5 42.Rxc5 dxc5 43.Bxc7 Re8 44.Nd3 Rxe1
45.Nxe1 c4 46.Kf2 c3 47.Nc2 Ba4 48.d6 Kf7 49.Nb4 Rh8 50.Ke2 Rxh2+ 51.Kd3  0-1

[Event "US op"]
[Site "Philadelphia"]
[Date "1993.??.??"]
[Round "?"]
[White "Rao, Vivek"]
[Black "Paschall, William M"]
[Result "1-0"]
[WhiteElo "2420"]
[BlackElo "2215"]

1.d4 Nf6 2.c4 g6 3.Nc3 Bg7 4.e4 d6 5.Nf3 O-O 6.Be2 e5 7.O-O Nbd7 8.Be3 Ng4
9.Bg5 f6 10.Bh4 h5 11.h3 Nh6 12.dxe5 dxe5 13.b4 a5 14.a3 axb4 15.axb4 Rxa1
16.Qd5+ Nf7 17.Rxa1 c6 18.Qd2 Qe7 19.Rb1 Rd8 20.Qc2 Nf8 21.c5 g5 22.Bg3 g4
23.hxg4 hxg4 24.Nh4 Rd4 25.Nf5 Bxf5 26.exf5 Ng5 27.Bh4 Nfh7 28.Bf1 Bh6 29.Ne2 Rd2
30.Qc4+ Qf7 31.Qxg4 Qa2 32.Re1 Qc2 33.Qh5 Bg7 34.Qg4 Qe4 35.Qxe4 Nxe4 36.Ng3 Nc3
37.Ne4 Rd4 38.Nxc3 Rxh4 39.Re4 Rh5 40.Bc4+ Kf8 41.Be6 Ng5 42.Rg4 Nxe6 43.fxe6 Rh7
44.b5 Bh8 45.Ra4 Re7 46.b6 f5 47.Ra8+ Kg7 48.Nd5 Rxe6 49.Nc7 Re7 50.Rb8 e4
51.Rxb7 Kf7 52.Ra7 Rd7 53.Na6 Ke6 54.Rxd7 Kxd7 55.b7 Be5 56.b8=Q Bxb8 57.Nxb8+ Kc7
58.Na6+ Kb7 59.Nb4  1-0

[Event "US op"]
[Site "Philadelphia"]
[Date "1993.??.??"]
[Round "?"]
[White "Samimi, Askari"]
[Black "Watson, John L"]
[Result "1/2-1/2"]
[WhiteElo "2250"]
[BlackElo "2390"]

1.d4 Nf6 2.c4 g6 3.Nc3 Bg7 4.e4 d6 5.Nf3 O-O 6.Be2 Nbd7 7.O-O e5 8.Qc2 c6
9.Rd1 Qc7 10.Rb1 Re8 11.dxe5 dxe5 12.b4 Nf8 13.c5 Bg4 14.Be3 Ne6 15.h3 Bxf3
16.Bxf3 Rad8 17.Ne2 h5 18.a4 Nh7 19.g3 Nhg5 20.Bg2 h4 21.Rxd8 Rxd8 22.Rd1 hxg3
23.fxg3 Bh6 24.Rxd8+ Qxd8 25.Qc1 Nd4 26.Nxd4 exd4 27.Bf4 d3 28.Qd2 Qd4+ 29.Kh2 Nxe4
30.Bxe4 Bxf4 31.Qxd3 Qf2+ 32.Bg2 Be5 33.h4 a6 34.Kh3 Kg7 35.b5 axb5 36.axb5 cxb5
37.Bxb7 Qxc5 38.Bd5 b4 39.Qf3 f5 40.Bb3 Qg1 41.Qb7+ Kh6 42.Qf3 Bd6 43.Be6 Qe1
44.Bc4 Qe5 45.Bb3 Kg7 46.Qb7+ Bc7 47.Qf3 Kf6 48.Qc6+ Bd6 49.Qf3 Qe4 50.Bd5 Qxf3
51.Bxf3 b3 52.Bd1 b2 53.Bc2 Ke5 54.Bb1 Kd4 55.h5  1/2-1/2